000 01075na a2200253 4500
001 20620
003 MIRAKIL
005 20181213154757.0
008 170125b tu 000 0
040 _aMilas
_btur
_cTR-AnCHP
041 _atur
082 _a338.6046
_bÖ93 1993
090 _a338.6046 Ö93 1993
245 _aEBK, YEM Sanayi, SEK' de özelleştirmeye neden karşıyız?
_bTürkiye ekonomisinde kamu iktisadi teşebbüslerinin yeri ve gıda sanayiinde özelleştirme raporu
_cÖz Gıda-İş sendikası
246 _aTürkiye ekonomisinde kamu iktisadi teşebbüslerinin yeri ve gıda sanayiinde özelleştirme raporu
260 _aAnkara
_bÖz Gıda-İş sendikası
_c1993
_fMNA Ltd. Şti.
300 _a54 s.
_btbl.
_c23 sm.
610 _aSüt Endüstrisi Kurumu (SEK)
_xÖzelleştirme
610 _aYem Sanayii
_xÖzelleştirme
610 _aEt Balık Kurumu (EBK)
_xÖzelleştirme
650 _aÖzelleştirme
_zTürkiye
740 _aTürkiye ekonomisinde kamu iktisadi teşebbüslerinin yeri ve gıda sanayiinde özelleştirme raporu
942 _2dcc
_cBKS
999 _c691
_d691